[Event "aut_ychb10 Mattersburg"]
[Site "?"]
[Date "2007.??.??"]
[Round "1.1"]
[White "Kessler, Luca"]
[Black "Steiner, Martin"]
[Result "1-0"]
[WhiteElo "1716"]
[BlackElo "1406"]
[PlyCount "55"]
[EventDate "2007.05.18"]

1. d4 e6 2. Nf3 d5 3. Bf4 c5 4. e3 Nc6 5. Bb5 Nf6 6. O-O Be7 7. c3 a6 8. Bxc6+
bxc6 9. Nbd2 O-O 10. dxc5 Bxc5 11. Rc1 a5 12. Re1 Qb6 13. Qc2 Ba6 14. Be5 Be7
15. Ng5 g6 16. Ndf3 c5 17. e4 Rfd8 18. Rcd1 Bc4 19. b3 Bb5 20. exd5 exd5 21.
Bg3 Bf8 22. Ne5 Ra7 23. c4 Bc6 24. Bh4 Bg7 25. Ngf3 Re7 26. Ng4 Rde8 27. Rxe7
Rxe7 28. Nxf6+ 1-0

[Event "aut_ychb10 Mattersburg"]
[Site "?"]
[Date "2007.??.??"]
[Round "1.2"]
[White "Jakob, Tobias"]
[Black "Ziller, Philipp"]
[Result "1-0"]
[WhiteElo "1365"]
[BlackElo "1513"]
[PlyCount "49"]
[EventDate "2007.05.18"]

1. e4 e5 2. Nf3 Nc6 3. Bb5 Bc5 4. Nc3 d6 5. d3 Nf6 6. Bg5 O-O 7. Nd5 Nb4 8.
Nxf6+ gxf6 9. Bh6 Re8 10. Bxe8 Qxe8 11. Nh4 Bd4 12. Qf3 Qe6 13. O-O Qg4 14.
Qxg4+ Bxg4 15. c3 Nc2 16. Rac1 Be2 17. cxd4 Bxf1 18. Kxf1 Nxd4 19. Rxc7 Ne6 20.
Rxb7 Rc8 21. Rxa7 Ng5 22. Bxg5 fxg5 23. Nf5 h6 24. Ne7+ Kg7 25. Nxc8 1-0

[Event "aut_ychb10 Mattersburg"]
[Site "?"]
[Date "2007.??.??"]
[Round "1.3"]
[White "Huber, Martin Christian"]
[Black "Gludovatz, Lukas"]
[Result "1-0"]
[WhiteElo "1502"]
[BlackElo "1356"]
[PlyCount "69"]
[EventDate "2007.05.18"]

1. e4 e6 2. d4 d5 3. exd5 exd5 4. Bd3 Bd6 5. Ne2 Qh4 6. h3 Nh6 7. Nbc3 Be6 8.
Be3 Nd7 9. Qd2 O-O-O 10. Bg5 Bf4 11. Qxf4 Qxf4 12. Nxf4 Rde8 13. O-O-O Nb6 14.
Bxh6 gxh6 15. Nxe6 Rxe6 16. Bf5 Rhe8 17. Rhe1 Kd7 18. Bxe6+ Rxe6 19. Rxe6 Kxe6
20. Re1+ Kd6 21. Re5 f6 22. Rh5 c5 23. dxc5+ Kxc5 24. Rxh6 d4 25. Ne4+ Kb5 26.
Nxf6 Nc4 27. Rxh7 Kc6 28. g4 Ne5 29. f4 Nf3 30. g5 Ne1 31. g6 d3 32. cxd3 Nxd3+
33. Kd2 Nxf4 34. g7 Ne6 35. g8=Q 1-0

[Event "aut_ychb10 Mattersburg"]
[Site "?"]
[Date "2007.??.??"]
[Round "1.4"]
[White "Raith, Andreas"]
[Black "Leitner, Felix"]
[Result "1/2-1/2"]
[WhiteElo "1293"]
[BlackElo "1495"]
[PlyCount "108"]
[EventDate "2007.05.18"]

1. d4 e6 2. c4 c5 3. Nf3 Nc6 4. e3 Qb6 5. Nc3 cxd4 6. exd4 Nh6 7. h3 Nf5 8. Be3
Qxb2 9. Nb5 Bb4+ 10. Bd2 Bxd2+ 11. Nxd2 O-O 12. Bd3 Ncxd4 13. Nxd4 Nxd4 14. O-O
Qa3 15. Nb3 Nxb3 16. axb3 Qc5 17. Rb1 a5 18. Qd2 d5 19. Rfc1 b6 20. cxd5 Qxd5
21. Rd1 Bb7 22. f3 Rad8 23. Qc2 Qh5 24. Qc7 Qc5+ 25. Qxc5 bxc5 26. Ra1 Ra8 27.
Rdc1 Rfd8 28. Rd1 g6 29. Kh2 Rd5 30. Rd2 a4 31. bxa4 c4 32. Rb1 Ba6 33. Be4
Rxd2 34. Bxa8 c3 35. Rc1 c2 36. Be4 Bd3 37. Bxd3 Rxd3 38. Rxc2 Ra3 39. Rc4 Kf8
40. Kg3 Ke7 41. Kf4 Kd6 42. Ke4 f5+ 43. Kf4 h6 44. g4 g5+ 45. Kg3 f4+ 46. Kf2
Kd5 47. Re4 e5 48. Ke2 Ra2+ 49. Kf1 Rh2 50. Kg1 Rxh3 51. Kg2 Rg3+ 52. Kf2 Rh3
53. Kg2 Rg3+ 54. Kf2 Rh3 1/2-1/2

[Event "aut_ychb10 Mattersburg"]
[Site "?"]
[Date "2007.??.??"]
[Round "1.5"]
[White "Gerhold, Florian"]
[Black "Fischer, Maximilian"]
[Result "1-0"]
[WhiteElo "1471"]
[BlackElo "1261"]
[PlyCount "39"]
[EventDate "2007.05.18"]

1. e4 e6 2. d4 d5 3. exd5 exd5 4. Bd3 Bd6 5. Nf3 Nf6 6. O-O O-O 7. h3 Nc6 8. c3
h6 9. Re1 Be6 10. Be3 Re8 11. Nbd2 Qd7 12. Kf1 Rad8 13. Nb3 a6 14. Qd2 b5 15.
Bxh6 gxh6 16. Qxh6 Be7 17. Ne5 Nxe5 18. Rxe5 Bf8 19. Rg5+ Bg7 20. Qxg7# 1-0

[Event "aut_ychb10 Mattersburg"]
[Site "?"]
[Date "2007.??.??"]
[Round "1.6"]
[White "Hribernig, Florian"]
[Black "Liao, Kenny"]
[Result "1/2-1/2"]
[WhiteElo "1209"]
[BlackElo "1458"]
[PlyCount "46"]
[EventDate "2007.05.18"]

1. d4 d5 2. c4 c6 3. cxd5 cxd5 4. Nc3 Nf6 5. Nf3 e6 6. Bg5 Be7 7. e3 h6 8. Bh4
Ng4 9. Bxe7 Qxe7 10. h3 Nf6 11. Rc1 Nc6 12. Bb5 a6 13. Ba4 b5 14. Bb3 a5 15.
Nxb5 a4 16. Bxa4 Qb4+ 17. Nc3 Bd7 18. Bb3 O-O 19. O-O Qe7 20. Ra1 Ne4 21. Nxe4
dxe4 22. Nd2 e5 23. Nxe4 exd4 1/2-1/2

[Event "aut_ychb10 Mattersburg"]
[Site "?"]
[Date "2007.??.??"]
[Round "1.7"]
[White "Andert, Thomas"]
[Black "Heissenberger, Daniel"]
[Result "1-0"]
[WhiteElo "1445"]
[BlackElo "1200"]
[PlyCount "87"]
[EventDate "2007.05.18"]

1. Nf3 Nc6 2. Nc3 d5 3. d4 Nf6 4. Bf4 h6 5. Nb5 Ne4 6. Nxc7+ Kd7 7. Nxa8 g5 8.
Bc7 Qe8 9. e3 a6 10. Ne5+ Nxe5 11. Bxe5 f6 12. Bc7 Qg6 13. Bd3 Qf5 14. O-O Kc6
15. Qe1 g4 16. Qa5 h5 17. Bxe4 Qxe4 18. Qc5+ Kd7 19. Nb6+ Ke8 20. Nxc8 h4 21.
Qb6 g3 22. fxg3 hxg3 23. Bxg3 Qxe3+ 24. Bf2 Qh6 25. h3 Qd2 26. Qxb7 Qxc2 27.
Qb8 Rg8 28. Nd6+ Kd7 29. Qb4 exd6 30. Qb7+ Ke6 31. Rae1+ Kf5 32. Qd7+ Kg6 33.
Qg4+ Kf7 34. Qd7+ Kg6 35. Qe6 Kh7 36. Qxf6 a5 37. Qf7+ Kh6 38. Be3+ Rg5 39.
Qxf8+ Kh5 40. g4+ Kh4 41. Bxg5+ Kxg5 42. Qg7+ Kh4 43. Qh6+ Kg3 44. Re3# 1-0

[Event "aut_ychb10 Mattersburg"]
[Site "?"]
[Date "2007.??.??"]
[Round "2.1"]
[White "Andert, Thomas"]
[Black "Kessler, Luca"]
[Result "0-1"]
[WhiteElo "1445"]
[BlackElo "1716"]
[PlyCount "86"]
[EventDate "2007.05.18"]

1. e4 c5 2. Bc4 d6 3. Nf3 Nf6 4. Ng5 e6 5. O-O h6 6. Nf3 Nxe4 7. Nc3 Nxc3 8.
dxc3 Be7 9. Bb5+ Bd7 10. Bxd7+ Qxd7 11. Bf4 O-O 12. Qd3 Rd8 13. c4 Nc6 14. b3
Nb4 15. Qe4 Qc6 16. Qxc6 Nxc6 17. Rfd1 Rd7 18. Nd2 Bf6 19. Rab1 Nb4 20. Rb2
Bxb2 21. c3 Nd3 22. Be3 Ne5 23. Bf4 Ng6 24. g3 Nxf4 25. gxf4 Bxc3 26. Nb1 Bf6
27. Na3 a6 28. Nc2 Rad8 29. Ne3 d5 30. cxd5 exd5 31. Nf5 d4 32. Kh1 Rd5 33. Ng3
b5 34. Ne4 c4 35. bxc4 bxc4 36. Rc1 Rc8 37. Nd2 c3 38. Nb3 d3 39. f3 d2 40. Rd1
c2 41. Rxd2 Rxd2 42. Kg1 c1=Q+ 43. Nxc1 Rxc1# 0-1

[Event "aut_ychb10 Mattersburg"]
[Site "?"]
[Date "2007.??.??"]
[Round "2.2"]
[White "Proyer, Enno"]
[Black "Huber, Martin Christian"]
[Result "0-1"]
[WhiteElo "1440"]
[BlackElo "1502"]
[PlyCount "30"]
[EventDate "2007.05.18"]

1. e4 e5 2. Nf3 Nc6 3. Bc4 Bc5 4. c3 Nf6 5. d4 exd4 6. cxd4 Bb4+ 7. Bd2 Bxd2+
8. Nbxd2 d5 9. exd5 Nxd5 10. O-O O-O 11. Re1 Bg4 12. Qb3 Nb6 13. Bb5 Bxf3 14.
Bxc6 Bxc6 15. Qd3 Qf6 0-1

[Event "aut_ychb10 Mattersburg"]
[Site "?"]
[Date "2007.??.??"]
[Round "2.3"]
[White "Jakob, Tobias"]
[Black "Gerhold, Florian"]
[Result "1-0"]
[WhiteElo "1365"]
[BlackElo "1471"]
[PlyCount "65"]
[EventDate "2007.05.18"]

1. e4 e5 2. Nf3 Nc6 3. Bb5 a6 4. Ba4 Nf6 5. Nc3 d6 6. d3 Be7 7. Be3 O-O 8. Qd2
Bg4 9. O-O-O Nd4 10. Bxd4 exd4 11. Nd5 Nxd5 12. exd5 b5 13. Bb3 Re8 14. h3 Bh5
15. g4 Bg6 16. h4 h5 17. g5 a5 18. a4 b4 19. Nxd4 Qd7 20. Nb5 Rac8 21. Na7 Ra8
22. Nc6 Bf5 23. Bc4 Bg4 24. Rde1 f6 25. gxf6 Bxf6 26. Rxe8+ Rxe8 27. Bb5 Qf5
28. Re1 Rxe1+ 29. Qxe1 Qf3 30. Bc4 Be5 31. Nxe5 dxe5 32. Ba6 Qxd5 33. Bc4 1-0

[Event "aut_ychb10 Mattersburg"]
[Site "?"]
[Date "2007.??.??"]
[Round "2.4"]
[White "Leitner, Felix"]
[Black "Hribernig, Florian"]
[Result "1-0"]
[WhiteElo "1495"]
[BlackElo "1209"]
[PlyCount "55"]
[EventDate "2007.05.18"]

1. e4 e6 2. Nf3 d5 3. exd5 exd5 4. c4 dxc4 5. Bxc4 Nf6 6. Nc3 Bc5 7. d4 Bb6 8.
O-O O-O 9. Qb3 Bxd4 10. Rd1 c5 11. Be3 Nc6 12. Bb5 Be6 13. Qa4 Qb6 14. Bxc6
Bxe3 15. fxe3 bxc6 16. Qc2 Rfd8 17. Na4 Qc7 18. Nxc5 Bd5 19. e4 Be6 20. e5 Nd5
21. Ng5 Qxe5 22. Qxh7+ Kf8 23. Qh8+ Ke7 24. Qh4 Qf6 25. Rf1 Qh6 26. Qg3 Rab8
27. Rae1 Rd6 28. Rxf7+ 1-0

[Event "aut_ychb10 Mattersburg"]
[Site "?"]
[Date "2007.??.??"]
[Round "2.5"]
[White "Liao, Kenny"]
[Black "Raith, Andreas"]
[Result "1/2-1/2"]
[WhiteElo "1458"]
[BlackElo "1293"]
[PlyCount "28"]
[EventDate "2007.05.18"]

1. e4 e6 2. d4 d5 3. Nc3 Bb4 4. e5 f6 5. a3 Ba5 6. b4 Bb6 7. exf6 Nxf6 8. Be2
a6 9. Nf3 a5 10. b5 c6 11. Be3 Bd7 12. Ne5 cxb5 13. Nxb5 Bxb5 14. Bxb5+ Nbd7
1/2-1/2

[Event "aut_ychb10 Mattersburg"]
[Site "?"]
[Date "2007.??.??"]
[Round "2.6"]
[White "Ziller, Philipp"]
[Black "Fischer, Maximilian"]
[Result "1-0"]
[WhiteElo "1513"]
[BlackElo "1261"]
[PlyCount "77"]
[EventDate "2007.05.18"]

1. d4 d5 2. Nf3 Nf6 3. Bf4 Bf5 4. Nbd2 e6 5. e3 Nc6 6. Bd3 Bxd3 7. cxd3 Bd6 8.
Ne5 Nb4 9. O-O Bxe5 10. dxe5 Nd7 11. Qg4 Rg8 12. Nf3 f5 13. exf6 Nxf6 14. Qxe6+
Qe7 15. Qxe7+ Kxe7 16. Rac1 Rac8 17. Rxc7+ Rxc7 18. Bxc7 Rc8 19. Be5 Nxd3 20.
h3 Ke6 21. Bxf6 gxf6 22. Nd4+ Kd7 23. Rb1 Rc4 24. b3 Rc3 25. b4 Rc4 26. b5 Ra4
27. Rb3 Nc1 28. Rb1 Nxa2 29. Ra1 Kd6 30. Rb1 Nc3 31. Rb3 Ne4 32. b6 a6 33. g4
Nd2 34. Nf5+ Ke5 35. f4+ Ke4 36. Rc3 Nf3+ 37. Kg2 Ra2+ 38. Kg3 Ra1 39. Nd6# 1-0

[Event "aut_ychb10 Mattersburg"]
[Site "?"]
[Date "2007.??.??"]
[Round "2.7"]
[White "Steiner, Martin"]
[Black "Heissenberger, Daniel"]
[Result "1-0"]
[WhiteElo "1406"]
[BlackElo "1200"]
[PlyCount "63"]
[EventDate "2007.05.18"]

1. c4 e5 2. e3 Nf6 3. Nc3 Bc5 4. Nf3 O-O 5. Be2 d5 6. Nxe5 d4 7. exd4 Bxd4 8.
Nf3 Ng4 9. O-O Qd6 10. Ne4 Qe6 11. Qc2 Qh6 12. d3 Qh5 13. h3 Qg6 14. hxg4 Bxg4
15. Nxd4 Bh3 16. Ng3 Bg4 17. Bxg4 Qxg4 18. Re1 Qxd4 19. Qe2 Nc6 20. Be3 Qh4 21.
Nf5 Qf6 22. Qg4 g6 23. Nh6+ Kg7 24. Bg5 Qxb2 25. Qf4 Nb4 26. Rab1 Nxd3 27. Qe3
Rae8 28. Qxd3 Rxe1+ 29. Rxe1 f6 30. Qd7+ Rf7 31. Qxf7+ Kh8 32. Re8# 1-0

[Event "aut_ychb10 Mattersburg"]
[Site "?"]
[Date "2007.??.??"]
[Round "3.1"]
[White "Kessler, Luca"]
[Black "Jakob, Tobias"]
[Result "1-0"]
[WhiteElo "1716"]
[BlackElo "1365"]
[PlyCount "61"]
[EventDate "2007.05.18"]

1. d4 d5 2. Nf3 Nc6 3. c4 Nf6 4. Nc3 Bg4 5. e3 e6 6. Be2 Bb4 7. O-O Qe7 8. a3
Bxc3 9. bxc3 O-O 10. a4 dxc4 11. Ba3 Qd7 12. Bxf8 Rxf8 13. Bxc4 Na5 14. Be2 Qe7
15. Nd2 Bf5 16. Nc4 Nc6 17. Bf3 Qd6 18. Nxd6 cxd6 19. Bxc6 bxc6 20. f3 d5 21.
Qb3 Bd3 22. Rfd1 Bc4 23. Qb7 Re8 24. Qxc6 Rb8 25. Rab1 Rd8 26. Rb7 Be2 27. Qc7
Rf8 28. Rdb1 Bd3 29. R1b2 h6 30. Rb8 Ne8 31. Qxa7 1-0

[Event "aut_ychb10 Mattersburg"]
[Site "?"]
[Date "2007.??.??"]
[Round "3.2"]
[White "Huber, Martin Christian"]
[Black "Leitner, Felix"]
[Result "1-0"]
[WhiteElo "1502"]
[BlackElo "1495"]
[PlyCount "61"]
[EventDate "2007.05.18"]

1. e4 e6 2. d4 d5 3. Nc3 Nf6 4. e5 Ng8 5. Nf3 c5 6. Be2 Nc6 7. O-O Qb6 8. dxc5
Bxc5 9. Na4 Qa5 10. Nxc5 Qxc5 11. Be3 Qa5 12. Bd3 Bd7 13. c3 O-O-O 14. b4 Qc7
15. a4 Nxe5 16. Nxe5 Qxe5 17. Bxa7 Bc6 18. b5 Be8 19. a5 Kd7 20. Bd4 Qb8 21.
Bxg7 f6 22. Bxh8 Qc7 23. a6 Qxc3 24. a7 Ra8 25. Qc2 Qd4 26. Rfc1 Qe5 27. Bxh7
Ke7 28. Bxg8 Bg6 29. Qxg6 Rc8 30. Bxf6+ Qxf6 31. Qxf6+ 1-0

[Event "aut_ychb10 Mattersburg"]
[Site "?"]
[Date "2007.??.??"]
[Round "3.4"]
[White "Gerhold, Florian"]
[Black "Steiner, Martin"]
[Result "1-0"]
[WhiteElo "1471"]
[BlackElo "1406"]
[PlyCount "63"]
[EventDate "2007.05.18"]

1. e4 c5 2. Bc4 e6 3. Qe2 Nc6 4. Nf3 Be7 5. O-O Nf6 6. c3 d5 7. exd5 exd5 8.
Bb3 O-O 9. d4 c4 10. Ba4 Re8 11. Bg5 Bf5 12. Re1 Ne4 13. Bf4 Bf6 14. Qd1 Bg5
15. Be5 f6 16. Bg3 Bg4 17. Bc2 f5 18. Nbd2 h5 19. h3 Nxg3 20. fxg3 Bxf3 21.
gxf3 Be3+ 22. Kg2 Qg5 23. h4 Qg6 24. Nf1 Bf4 25. Kh2 Bc7 26. Qd2 Rf8 27. f4 Qg4
28. Ne3 Qf3 29. Bxf5 Rae8 30. Bg6 Re6 31. Bf5 Ref6 32. Rf1 1-0

[Event "aut_ychb10 Mattersburg"]
[Site "?"]
[Date "2007.??.??"]
[Round "3.5"]
[White "Gludovatz, Lukas"]
[Black "Liao, Kenny"]
[Result "1-0"]
[WhiteElo "1356"]
[BlackElo "1458"]
[PlyCount "43"]
[EventDate "2007.05.18"]

1. e4 e5 2. Nf3 Nc6 3. Bc4 Bc5 4. Nc3 Nf6 5. d3 h6 6. Be3 Bb6 7. Qd2 d6 8.
O-O-O Be6 9. Bxe6 fxe6 10. Rdg1 d5 11. exd5 exd5 12. d4 Bxd4 13. Bxd4 exd4 14.
Re1+ Ne7 15. Nxd4 c5 16. Nf5 O-O 17. Nxe7+ Kh7 18. Qd3+ Kh8 19. Ng6+ Kg8 20.
Nxf8 Qxf8 21. Nxd5 Rd8 22. Ne7+ 1-0

[Event "aut_ychb10 Mattersburg"]
[Site "?"]
[Date "2007.??.??"]
[Round "3.6"]
[White "Raith, Andreas"]
[Black "Andert, Thomas"]
[Result "1-0"]
[WhiteElo "1293"]
[BlackElo "1445"]
[PlyCount "47"]
[EventDate "2007.05.18"]

1. d4 d5 2. c4 dxc4 3. e4 Bg4 4. Qxg4 Qxd4 5. Qc8+ Qd8 6. Qxd8+ Kxd8 7. Bxc4 e6
8. Nc3 Bb4 9. Bf4 Bxc3+ 10. bxc3 Nf6 11. Rd1+ Ke8 12. f3 Nc6 13. Bb5 a6 14.
Bxc6+ bxc6 15. Bxc7 Rc8 16. Be5 Ke7 17. Bxf6+ gxf6 18. Ne2 Rhg8 19. O-O Rb8 20.
Nd4 c5 21. Nc6+ Ke8 22. Nxb8 Ke7 23. Nc6+ Ke8 24. Rd8# 1-0

[Event "aut_ychb10 Mattersburg"]
[Site "?"]
[Date "2007.??.??"]
[Round "3.7"]
[White "Fischer, Maximilian"]
[Black "Hribernig, Florian"]
[Result "0-1"]
[WhiteElo "1261"]
[BlackElo "1209"]
[PlyCount "46"]
[EventDate "2007.05.18"]

1. e4 e6 2. d4 d5 3. exd5 exd5 4. Bd3 Bd6 5. Nc3 Nf6 6. Nf3 c6 7. Bg5 O-O 8.
O-O Bg4 9. h3 Bh5 10. Re1 Nbd7 11. Qd2 Qc7 12. Nh4 Rfe8 13. Nf5 Bb4 14. Bh6 Bf8
15. Qg5 Bg6 16. Nh4 gxh6 17. Qd2 Bg7 18. Ne2 Re7 19. Nf4 Rae8 20. Nhxg6 hxg6
21. Qd1 Rxe1+ 22. Qxe1 Rxe1+ 23. Rxe1 Qxf4 0-1

[Event "aut_ychb10 Mattersburg"]
[Site "?"]
[Date "2007.??.??"]
[Round "4.1"]
[White "Huber, Martin Christian"]
[Black "Kessler, Luca"]
[Result "1/2-1/2"]
[WhiteElo "1502"]
[BlackElo "1716"]
[PlyCount "53"]
[EventDate "2007.05.18"]

1. d4 Nf6 2. c4 g6 3. Nc3 d5 4. Nf3 Bg7 5. Bg5 c6 6. cxd5 cxd5 7. Qb3 e6 8. e3
O-O 9. Bd3 Nc6 10. O-O b6 11. Rac1 Bb7 12. Ne5 Rc8 13. Bb5 Na5 14. Qd1 a6 15.
Bd3 Nc6 16. Qf3 h6 17. Bh4 g5 18. Bg3 Nd7 19. Qh5 Ncxe5 20. dxe5 f5 21. Qg6 Qe8
22. Qxe8 Rfxe8 23. f4 g4 24. Ne2 Nc5 25. Bb1 a5 26. Rfd1 Ba6 27. Nd4 1/2-1/2

[Event "aut_ychb10 Mattersburg"]
[Site "?"]
[Date "2007.??.??"]
[Round "4.2"]
[White "Gerhold, Florian"]
[Black "Gludovatz, Lukas"]
[Result "0-1"]
[WhiteElo "1471"]
[BlackElo "1356"]
[PlyCount "72"]
[EventDate "2007.05.18"]

1. e4 e6 2. d4 d5 3. exd5 exd5 4. Bd3 Bd6 5. Nf3 Ne7 6. h3 Bf5 7. Bxf5 Nxf5 8.
c3 O-O 9. O-O Re8 10. Bg5 f6 11. Be3 Nxe3 12. fxe3 Rxe3 13. Re1 Re7 14. Nbd2
Qd7 15. Qb3 c6 16. Qc2 Na6 17. Nh4 Rae8 18. Ndf3 Rxe1+ 19. Rxe1 Rxe1+ 20. Nxe1
c5 21. Nef3 Qe7 22. Nf5 Qc7 23. Qe2 Kf7 24. c4 Qd7 25. N3h4 cxd4 26. Nxd4 Bc5
27. Nhf3 Nb4 28. a3 Nc6 29. Qd2 dxc4 30. Qc2 Bxd4+ 31. Kh1 Qe6 32. Qxh7 Bxb2
33. Qh5+ Kg8 34. Qb5 Bd4 35. Qxb7 c3 36. Qb2 cxb2 0-1

[Event "aut_ychb10 Mattersburg"]
[Site "?"]
[Date "2007.??.??"]
[Round "4.3"]
[White "Jakob, Tobias"]
[Black "Proyer, Enno"]
[Result "1-0"]
[WhiteElo "1365"]
[BlackElo "1440"]
[PlyCount "83"]
[EventDate "2007.05.18"]

1. e4 e5 2. Nf3 Nc6 3. Bb5 a6 4. Ba4 Nf6 5. O-O Be7 6. Re1 b5 7. Bb3 d6 8. d3
O-O 9. h3 Na5 10. Be3 Nxb3 11. axb3 Bb7 12. Nbd2 Nd7 13. Nf1 c6 14. Ng3 d5 15.
exd5 cxd5 16. d4 Bd6 17. dxe5 Bxe5 18. Nxe5 Nxe5 19. Bd4 Nc6 20. Bc3 b4 21. Bd2
Re8 22. Rxe8+ Qxe8 23. Qg4 Bc8 24. Nf5 g6 25. Nh6+ Kg7 26. Qf3 Nd4 27. Qxd5 Nc6
28. Ng4 Be6 29. Qf3 Bxg4 30. Qxg4 h5 31. Qf4 Qh8 32. c3 Kf8 33. Qd6+ Ne7 34.
Re1 Re8 35. Bg5 bxc3 36. bxc3 Qxc3 37. Bh6+ Kg8 38. Rxe7 Qxb3 39. Qf6 Qb1+ 40.
Kh2 Qb8+ 41. g3 Rxe7 42. Qg7# 1-0

[Event "aut_ychb10 Mattersburg"]
[Site "?"]
[Date "2007.??.??"]
[Round "4.4"]
[White "Hribernig, Florian"]
[Black "Raith, Andreas"]
[Result "1-0"]
[WhiteElo "1209"]
[BlackElo "1293"]
[PlyCount "91"]
[EventDate "2007.05.18"]

1. d4 d5 2. c4 c6 3. cxd5 cxd5 4. Nc3 Nc6 5. Bf4 f6 6. Nf3 Bf5 7. Rc1 g5 8. Bg3
h5 9. h3 e6 10. e3 h4 11. Bh2 g4 12. hxg4 Bxg4 13. Be2 Bd6 14. a3 Bxh2 15. Rxh2
h3 16. g3 Qd7 17. Ng1 Bxe2 18. Qxe2 e5 19. Rd1 O-O-O 20. Nf3 e4 21. Ng1 f5 22.
Rxh3 Rxh3 23. Nxh3 Nf6 24. Nf4 Qh7 25. Kd2 Ng4 26. Ncxd5 Rh8 27. Kc1 Qh2 28.
Rf1 Qh6 29. Qc2 Qd6 30. Nb4 Kb8 31. Nxc6+ bxc6 32. Qb3+ Kc8 33. Qe6+ Qxe6 34.
Nxe6 Rh2 35. Ng7 Nxf2 36. Nxf5 Nd3+ 37. Kb1 Rxb2+ 38. Ka1 Rb7 39. Nd6+ Kc7 40.
Nxb7 Kxb7 41. g4 Kc7 42. g5 Kd7 43. g6 c5 44. dxc5 Ke7 45. g7 Kd7 46. g8=Q 1-0

[Event "aut_ychb10 Mattersburg"]
[Site "?"]
[Date "2007.??.??"]
[Round "4.5"]
[White "Leitner, Felix"]
[Black "Ziller, Philipp"]
[Result "0-1"]
[WhiteElo "1495"]
[BlackElo "1513"]
[PlyCount "44"]
[EventDate "2007.05.18"]

1. e4 e5 2. Nf3 Nc6 3. Bc4 Nf6 4. Ng5 d5 5. exd5 Nxd5 6. d3 Be7 7. Nf3 O-O 8.
O-O Nd4 9. Nxe5 Bf6 10. Bf4 Nxf4 11. Bxf7+ Rxf7 12. Nxf7 Kxf7 13. c3 Nde2+ 14.
Kh1 Bg4 15. f3 Bf5 16. g3 Nxd3 17. Qxe2 Qd7 18. Rd1 Re8 19. Qf1 Nf2+ 20. Kg2
Nxd1 21. Na3 Ne3+ 22. Kf2 Nxf1 0-1

[Event "aut_ychb10 Mattersburg"]
[Site "?"]
[Date "2007.??.??"]
[Round "4.6"]
[White "Liao, Kenny"]
[Black "Steiner, Martin"]
[Result "1-0"]
[WhiteElo "1458"]
[BlackElo "1406"]
[PlyCount "23"]
[EventDate "2007.05.18"]

1. e4 c5 2. Nf3 e6 3. d4 Nc6 4. d5 exd5 5. exd5 Nb4 6. Bc4 Nf6 7. O-O Rb8 8. d6
Ne4 9. Re1 f5 10. Ng5 Bxd6 11. Qxd6 Nxc2 12. Bf7# 1-0

[Event "aut_ychb10 Mattersburg"]
[Site "?"]
[Date "2007.??.??"]
[Round "4.8"]
[White "Fischer, Maximilian"]
[Black "Heissenberger, Daniel"]
[Result "0-1"]
[WhiteElo "1261"]
[BlackElo "1200"]
[PlyCount "58"]
[EventDate "2007.05.18"]

1. e4 e5 2. Nf3 Nf6 3. Nxe5 d6 4. Nf3 Nxe4 5. d3 Nf6 6. Bg5 Nc6 7. Nc3 h6 8.
Bh4 Be7 9. Be2 O-O 10. O-O Be6 11. h3 Qd7 12. Kh2 g5 13. Bg3 Nh5 14. Nd2 Nxg3
15. fxg3 Nd4 16. Bh5 Qc6 17. Nde4 f5 18. Nf2 b5 19. Qd2 b4 20. Ncd1 Nxc2 21.
Rc1 Bc8 22. Rxc2 Qd5 23. b3 Bb7 24. Rg1 f4 25. Bf3 fxg3+ 26. Kxg3 Qe5+ 27. Kg4
Rf4+ 28. Kh5 Rh4+ 29. Kg6 Qf6# 0-1

[Event "aut_ychb10 Mattersburg"]
[Site "?"]
[Date "2007.??.??"]
[Round "5.1"]
[White "Kessler, Luca"]
[Black "Gludovatz, Lukas"]
[Result "1-0"]
[WhiteElo "1716"]
[BlackElo "1356"]
[PlyCount "79"]
[EventDate "2007.05.18"]

1. d4 d5 2. Nf3 Bf5 3. c4 c6 4. Nc3 Nf6 5. Bg5 e6 6. cxd5 exd5 7. e3 h6 8. Bh4
Be7 9. Bd3 Bxd3 10. Qxd3 O-O 11. O-O Qd6 12. Rab1 Nbd7 13. b4 Rab8 14. Bg3 Qe6
15. Bxb8 Rxb8 16. Rfc1 Bd6 17. b5 cxb5 18. Nxb5 a6 19. Nxd6 Qxd6 20. Qc3 Ne4
21. Qc7 Qxc7 22. Rxc7 Nef6 23. Rbxb7 Rxb7 24. Rxb7 Kh7 25. Ne5 Nxe5 26. dxe5
Ng4 27. Rxf7 Nxe5 28. Rf5 Nd3 29. Rxd5 Nb4 30. Ra5 Nc6 31. Rxa6 Ne5 32. a4 Nd7
33. Rd6 Nc5 34. a5 Nb7 35. Ra6 Kg8 36. Ra8+ Kh7 37. a6 Nd6 38. a7 Nb5 39. Rh8+
Kxh8 40. a8=Q+ 1-0

[Event "aut_ychb10 Mattersburg"]
[Site "?"]
[Date "2007.??.??"]
[Round "5.2"]
[White "Hribernig, Florian"]
[Black "Huber, Martin Christian"]
[Result "0-1"]
[WhiteElo "1209"]
[BlackElo "1502"]
[PlyCount "84"]
[EventDate "2007.05.18"]

1. d4 Nf6 2. c4 e6 3. Nf3 d5 4. Nc3 Be7 5. Bg5 O-O 6. Rc1 Nbd7 7. e3 h6 8. Bh4
Re8 9. Bd3 dxc4 10. Bxc4 c5 11. O-O cxd4 12. exd4 Nb6 13. Bb3 Bd7 14. Qd2 Bc6
15. Qe3 Bxf3 16. Bxf6 Bxf6 17. Qxf3 Rc8 18. Rfd1 Qe7 19. Bc2 Bg5 20. Rb1 Qf6
21. Qxf6 Bxf6 22. Be4 Rcd8 23. Rbc1 Re7 24. Rd3 Rxd4 25. Rxd4 Bxd4 26. Rd1 Rd7
27. Bxb7 e5 28. Be4 Nc4 29. Rb1 g6 30. g3 Nxb2 31. Rxb2 Bxc3 32. Rc2 Bd4 33. a4
Bb6 34. Kg2 Rd4 35. Bc6 Kg7 36. Kf3 Kf6 37. Bb5 Kg5 38. h4+ Kf5 39. Rc4 Rd2 40.
g4+ Kf6 41. Rc6+ Kg7 42. Be2 e4+ 0-1

[Event "aut_ychb10 Mattersburg"]
[Site "?"]
[Date "2007.??.??"]
[Round "5.3"]
[White "Raith, Andreas"]
[Black "Jakob, Tobias"]
[Result "1-0"]
[WhiteElo "1293"]
[BlackElo "1365"]
[PlyCount "110"]
[EventDate "2007.05.18"]

1. d4 d5 2. c4 Nc6 3. Nf3 Nf6 4. Nc3 Bg4 5. e3 e6 6. h3 Bh5 7. cxd5 exd5 8. Bb5
a6 9. Ba4 Bb4 10. Bd2 Qd6 11. g4 Bg6 12. Bxc6+ bxc6 13. Rc1 c5 14. dxc5 Bxc5
15. Na4 Bb4 16. Bxb4 Qxb4+ 17. Nc3 Qxb2 18. O-O h5 19. gxh5 Bxh5 20. Nxd5 Nxd5
21. Qxd5 Rd8 22. Qc6+ Kf8 23. Qxc7 Re8 24. Ng5 Qf6 25. Qg3 Rh6 26. a3 Rg6 27.
Nh7+ Ke7 28. Nxf6 Rxg3+ 29. fxg3 gxf6 30. g4 Bg6 31. Rc7+ Kd6 32. Rfc1 Rxe3 33.
R1c6+ Kd5 34. Rc1 Rxa3 35. Ra7 a5 36. Rf1 Ke6 37. Ra6+ Ke5 38. Rfxf6 Bd3 39.
Rad6 Bc4 40. Rc6 Bd5 41. Rf5+ Ke4 42. Rc5 Be6 43. Rxa5 Rg3+ 44. Kh2 Rb3 45. Rf2
Rb6 46. Ra4+ Ke3 47. Kg2 Bd7 48. Rf3+ Ke2 49. Ra2+ Ke1 50. Rff2 Rd6 51. Ra1+
Rd1 52. Rxd1+ Kxd1 53. Rxf7 Be6 54. Rf1+ Ke2 55. Rf4 Ke3 1-0

[Event "aut_ychb10 Mattersburg"]
[Site "?"]
[Date "2007.??.??"]
[Round "5.5"]
[White "Proyer, Enno"]
[Black "Gerhold, Florian"]
[Result "0-1"]
[WhiteElo "1440"]
[BlackElo "1471"]
[PlyCount "92"]
[EventDate "2007.05.18"]

1. e4 e5 2. Nf3 Nc6 3. Nc3 Nf6 4. d4 exd4 5. Nxd4 Bb4 6. Nxc6 Bxc3+ 7. bxc3
dxc6 8. Qxd8+ Kxd8 9. Bd3 h6 10. Bf4 Be6 11. Be5 Ke7 12. Bxc7 Rac8 13. Be5 Rhd8
14. h3 c5 15. Bxf6+ Kxf6 16. a3 c4 17. Be2 Rc5 18. f4 g6 19. Rd1 Rxd1+ 20. Bxd1
Ra5 21. Kd2 Rxa3 22. Bf3 b5 23. Rb1 Bd7 24. g4 g5 25. e5+ Ke6 26. f5+ Kxe5 27.
Be2 Ra6 28. Kc1 Rd6 29. Ra1 a6 30. Ra5 Kf4 31. Ra1 Kg3 32. Kb2 Kxh3 33. Rd1
Rxd1 34. Bxd1 Bc6 35. Ka3 Kg3 36. Kb4 Bf3 37. Bxf3 Kxf3 38. Ka5 Kxg4 39. Kxa6
h5 40. Kxb5 h4 41. Kxc4 h3 42. Kd5 Kxf5 43. c4 h2 44. Kd6 h1=Q 45. c5 Qd1+ 46.
Kc7 Qxc2 0-1